000 00553nam a2200181Ia 4500
003 GCL
008 140319s9999 xx 000 0 ara d
040 _aGCL /
_cGCL
082 0 4 _aط
_b371.33
_bع ح
100 1 _aعبدالحميد توفيق زكى
245 1 0 _aحقيقة الضرب والقسمة /
_cعبدالحميد توفيق زكى
700 1 _aاحمد عبدالرازق
260 _aالقاهرة :
_bسفير
650 0 4 _aالاطفال
650 0 4 _aتعليم
650 0 4 _aالوسائل التعليمية
942 _2ddc
_cBK
999 _c56706
_d56706